LEADER 00986nam--2200349---450- 001 990001959140203316 005 20051014140607.0 035 $a000195914 035 $aUSA01000195914 035 $a(ALEPH)000195914USA01 035 $a000195914 100 $a20040826d1941----km-y0itay0103----ba 101 0 $aita 102 $aIT 105 $a||||||||001yy 200 1 $aGrammatica pratica della Lingua latina$ela sintassi del verbo 210 $aFirenze$cMarzocco$d1941 215 $a104 p.$d26 cm. 410 0$12001 454 1$12001 461 1$1001-------$12001 700 1$aSTEGMANN,$bKarl$0565678 701 1$aCAMMELLI,$bGiuseppe$0198631 801 0$aIT$bsalbc$gISBD 912 $a990001959140203316 951 $aV.3.D. 21(VIII A 538)$b49139 L.M.$cVIII A 959 $aBK 969 $aUMA 979 $aSIAV8$b10$c20040826$lUSA01$h1334 979 $aCOPAT6$b90$c20051014$lUSA01$h1406 996 $aGrammatica pratica della Lingua latina$91044077 997 $aUNISA LEADER 01468nam0-22004331i-450- 001 990005487750203316 005 20010829120000.0 035 $a000548775 035 $aUSA01000548775 035 $a(ALEPH)000548775USA01 035 $a000548775 100 $a20010829d1998-------|0enac50------ba 101 $aeng 102 $aUS 105 $a|||| ||||| 200 1 $aLoss models$efrom data to decision$fStuart A. Klugman, Harry H. Panjer, Gordon E. Willmont$gwith assistance from Gary G. Venter. - New York : John Wiley & Sons, Inc., 1998 210 $aXIII$d644 p. : ill. ; 25 cm. 225 2$aWiley series in probability and statistics 410 1$12001$aWiley series in probability and statistics 606 $aAssicurazioni$xMetodi statistici$2FI 606 $aAssicurazioni$xModelli matematici$2FI 620 $dNew York 676 $a368.01$cAssicurazioni. Principi generali$v21 700 1$aKLUGMAN,$bStuart A.$0103763 701 1$aPANJER,$bHarry H.$0437806 701 1$aWILLMOT,$bGordon E.$0437807 702 1$aVENTER,$bGary G. 712 $aJohn Wiley & Sons, Inc 801 $aIT$bSOL$c20120104 912 $a990005487750203316 950 $aDIP.TO SCIENZE ECONOMICHE - (SA)$dDS 300 368.01 KLU$e8693 DISES 951 $a300 368.01 KLU$b8693 DISES 959 $aBK 969 $aDISES 979 $c20121027$lUSA01$h1532 979 $c20121027$lUSA01$h1613 996 $aLoss models$965923 997 $aUNISA NUM $aUSA9347